| 000 | 00828nam a22002417a 4500 | ||
|---|---|---|---|
| 007 | ta | ||
| 008 | 231003b ||||| |||| 00| 0 spa d | ||
| 040 | _cAR-FvUNAJ | ||
| 082 | 1 | 4 |
_214 _a363.5 |
| 100 | 1 |
_93751 _aEngels, Federico |
|
| 245 | 1 | 0 |
_aSobre el problema de la vivienda / _cFederico Engels. |
| 260 |
_aBuenos Aires : _bAnteo, _c1974. |
||
| 300 | _a134 p. | ||
| 440 |
_96143 _aPequeña Biblioteca Marxista Leninista |
||
| 500 | _aEscrito por F.Engels entre mayo de 1872 y enero de 1873. Publicado en el periódico Der Volksstaat. | ||
| 650 | 2 | 7 |
_2unescot _9813 _aMARXISMO |
| 650 | 1 | 7 |
_2unescot _94325 _aVIVIENDA |
| 650 | 2 | 7 |
_2unescot _91258 _aPROBLEMAS SOCIALES |
| 650 | 2 | 7 |
_2unescot _91776 _aTRABAJADORES |
| 651 | 7 |
_2unescot _96176 _aALEMANIA |
|
| 942 |
_2ddc _cLIBRO |
||
| 980 |
_621570 _a Diaz Bustince _821566 _g Miranda Raldes |
||
| 999 |
_c9649 _d9649 |
||